| 000 | 00561nam a22001937a 4500 | ||
|---|---|---|---|
| 999 |
_c9393 _d9393 |
||
| 003 | AR-CdUCM | ||
| 008 | 190327b ||||| |||| 00| 0 spa d | ||
| 040 |
_aMUNICIPALIDAD PROVINCIAL DEL CUSCO _cBIBLIOTECA MUNICIPAL DEL CUSCO |
||
| 082 |
_a869.56 / _bV17 |
||
| 100 |
_aValcarcel, Rosina _925565 |
||
| 245 | _aSendas del bosque / | ||
| 260 |
_aLima : _bEdiciones de la rama florida, _c1966. |
||
| 300 | _c17 cm. | ||
| 500 | _aLibro no cuenta con numeración. | ||
| 505 | _aContenido :Madre. | ||
| 650 |
_aPoesÃa _9139 |
||
| 942 |
_2ddc _cLIBROS |
||
| 945 | _arum | ||